Представление документа в формате MARC21

ПолеНазваниеЗначение
  Тип записи a
  Библиографический уровень m
001 Контрольный номер RU/URAIT/564835
005 Дата корректировки 20260429163711.2
008 Кодируемые данные 260429s2025 RU y f j 000 0 rus u
020 Индекс ISBN __
a ISBN 978-5-534-07229-7
c Цена, тираж 1299.00
040 Источник каталогиз. __
a Служба первич. каталог. ИКО Юрайт
c Служба, преобразующая запись ИКО Юрайт
e Правила каталог. RCR
041 Код языка издания __
a Код языка текста rus
044 Код страны публикации __
a Код страны публикации RU
080 Индекс УДК __
a Индекс УДК 8295
084 Индекс другой классификации/Индекс ББК __
2 Источник индекса rubbk
a Индекс другой классификации/Индекс ББК 80
100 Автор __
a Автор Егоров Б. Ф.
q Полное имя Егоров Борис Федорович
245 Заглавие __
a Заглавие О мастерстве литературной критики. Жанры, композиция, стиль
b Продолж. заглавия - служебная - для во и спо
c Ответственность Б. Ф. Егоров.
250 Сведения об издании __
a Основные сведения об издании 2-е изд.
256 Характеристики компьютерного файла __
a Характеристики компьютерного файла Электрон. дан.
260 Выходные данные __
a Место издания Москва
b Издательство Юрайт
c Дата издания 2025
300 Физическое описание __
a Объем 231 с
440 Серия __
a Серия Антология мысли
500 Примечания __
a Примечание URL: https://urait.ru/bcode/564835 (дата обращения: 29.04.2026).
520 Аннотация __
a Аннотация В издании представлен анализ русской литературной критики конца XVIII - начала ХХ века в области жанров, методов и приемов критического разбора, место критики в контексте общественного и литературного процессов. Автор исследует актуальные проблемы: национальное своеобразие русской критики, новаторство критической формы, эволюцию жанров и композиции и др. в разные временные отрезки. Также он рассматривает соотношение в критике художественного и национального аспектов, прослеживает эволюцию жанров и форм критики. Книга будет полезна литераторам, теоретикам и историкам литературы, а также всем интересующимся теорией и историей критики.
538 Прим. о системных особенностях __
a Прим. о системных особенностях Режим доступа: Электронно-библиотечная система Юрайт, для авториз. пользователей
653 Ключевые слова __
a Ключевые слова Филология и литературоведение
653 Ключевые слова __
a Ключевые слова Языки и литература
653 Ключевые слова __
a Ключевые слова История литературной критики
653 Ключевые слова __
a Ключевые слова История русской литературной критики
653 Ключевые слова __
a Ключевые слова Русская литературная критика
653 Ключевые слова __
a Ключевые слова Актуальные проблемы русской критики
856 Электронный адрес документа 40
n Местонахождение сервера Юрайт
g Электронная книга
q Тип электронного формата html
h Имя пользователя ЮРАЙТ
v Часы доступа к ресурсу 20271231
2 Способ доступа Показать документ
x Служебное примечание https://urait.ru/book/cover/F0555EFB-5BAF-41B7-89EF-5400D81B72A3
u URL https://urait.ru/bcode/564835
856 Электронный адрес документа 48
q Тип электронного формата cover
u URL https://urait.ru/book/cover/F0555EFB-5BAF-41B7-89EF-5400D81B72A3
911 __
u 0030=https://urait.ru/bcode/564835
911 __
u 073a=9785534072297
u 073d=1299.00
911 __
u 106a=s
911 __
u 900l=
952 Тип литературы __
i Дисциплина История литературной критики
952 Тип литературы __
i Дисциплина История русской литературной критики
952 Тип литературы __
i Дисциплина Русская литературная критика
952 Тип литературы __
i Дисциплина Актуальные проблемы русской критики